• 首页
  • 本馆介绍
  • 公告通知
  • 最新文献
  • 馆藏检索
  • 电子资源
  • 读者导购
  • 参考咨询
  • 我的图书馆
  • 登录
  • 详细信息显示
  • 放入我的书架
  • 预约/预借图书
  • 作者相关作品
  • 分类相关作品
  • 丛书相关作品
  • 出版社相关作品

书目信息

  • 表格格式
  • 工作单格式
  • 卡片格式
题名:
永恒的图书馆
    
 
作者: 巴斯贝恩 著 ;杨传伟 译
分册:  
出版信息: 上海   上海人民出版社  2011.4
页数: 198页
开本: 20cm
丛书名: 文雅的疯狂丛书
单 册:
中图分类: G259.1
科图分类:
主题词: 图书馆工作--概况--世界
电子资源:
ISBN: 978-7-208-09696-7
000 01089nam0 2200277 45
001 515
005 20120531162519.53
010    @a978-7-208-09696-7@dCNY28.00
100    @a20120328d2011 ekmy0chiy0110 ea
101 0  @achi
102    @aCN@b310000
105    @ay z 000yy
106    @ar
200 1  @a永恒的图书馆@AYong Heng De Tu Shu Guan@f(里) 尼古拉斯·A.巴斯贝恩著@F( Li ) Ni Gu La Si·A . Ba Si Bei En Zhu@f杨传纬译@FYang Chuan Wei Yi
210    @a上海@c上海人民出版社@d2011.4
215    @a198页@c图@d20cm
225 2  @a文雅的疯狂丛书
330    @a本书作者巴斯贝恩历经十余载,遍访世界各大公共图书馆和大学图书馆——波士顿公共图书馆、纽约公共图书馆、哈佛大学图书馆、牛津大学博德利图书馆等,为我们生动记录了无数的图书馆人,为保存人类文化遗产所从事的堂吉诃德式的奋斗。
461  0 @12001 @a文雅的疯狂丛书
517 1  @a坚忍与刚毅之二@AJian Ren Yu Gang Yi Zhi Er
606 0  @a图书馆工作@x概况@y世界
690    @aG259.1@v4
701  1 @a巴斯贝恩@ABa Si Bei En@4著
702  0 @a杨传伟@AYang Chuan Wei@4译
801  0 @aCN@bTSTCL@c20120328
905    @b0812910-14@dG259.1@e30@f5
    
    永恒的图书馆/(里) 尼古拉斯·A.巴斯贝恩著/杨传纬译.-上海:上海人民出版社,2011.4
    198页:图;20cm.-(文雅的疯狂丛书)
    
    
    ISBN 978-7-208-09696-7:CNY28.00
    本书作者巴斯贝恩历经十余载,遍访世界各大公共图书馆和大学图书馆——波士顿公共图书馆、纽约公共图书馆、哈佛大学图书馆、牛津大学博德利图书馆等,为我们生动记录了无数的图书馆人,为保存人类文化遗产所从事的堂吉诃德式的奋斗。
●
相关链接 在E读中查询图书 在五车中查询图书 在当当中查询图书 在豆瓣中查询图书


正题名:永恒的图书馆     索取号:G259.1/30         预约/预借

序号 登录号 条形码 馆藏地/架位号 状态 备注
1 0812910   208129103   第一样本阅览室/ [索取号:G259.1/30] 在馆    
2 0812911   208129112   第四借阅区/ [索取号:G259.1/30] 在馆    
3 0812912   208129121   第四借阅区/ [索取号:G259.1/30] 在馆    
4 0812913   208129130   第四借阅区/ [索取号:G259.1/30] 在馆    
5 0812914   208129149   第四借阅区/ [索取号:G259.1/30] 在馆    
唐山师范学院图书馆 欢迎您!
大连网信软件有限公司© 版权所有